| 000 | 02027cam a22004094i 4500 | ||
|---|---|---|---|
| 003 | PE-LiUPU | ||
| 005 | 20250731175645.0 | ||
| 008 | 150616s1972 r 000 0 eng d | ||
| 035 | _a(Sirsi) a9404 | ||
| 040 |
_aPE-LiUPU _bspa _cPE-LiUPU _erda |
||
| 049 | _aPRUA | ||
| 082 | 0 | 4 |
_a492.295 _bJ65s _221 |
| 100 | 1 |
_aJohns, Alger F., _eautor. |
|
| 245 | 1 | 2 |
_aA Short Grammar of Biblical Aramaic / _cAlger F. Johns. |
| 264 | 1 |
_aBerrien Springs, Michigan : _bAndrews University Press, _c1972. |
|
| 300 |
_a108 páginas ; _c24 cm. |
||
| 336 |
_atext _2rdacontent |
||
| 337 |
_aunmediated _2rdamedia |
||
| 338 |
_avolume _2rdacarrier |
||
| 490 | 0 |
_aAndrews University Monographs ; _v1 |
|
| 500 | _aEdición 1966 y 1972. | ||
| 505 | 0 | _aIntroduction to biblical aramaic.- Phonology of biblical aramaic.- Nouns and adjectives.- Independent personal pronouns and suffixes on nouns.- Other pronouns.- The verbal system: the perfect.- The verbal system: the imperfect, the infinitive, etc.- Classes of nouns.- The derived active conjugations.- The passive and reflexive conjugations.- Laryngeal verbs.- Pe un, pe yod and pe aleph verbs.- Hollow verbs.- Geminate verbs.- Lamed he verbs.- Other doubly weak and irregular verbs.- verbal suffixes: with the perfect.- Verbal suffixes: with the imperfect, the infinitive, etc.- Noun types.- Similar noun classes.- The numerals. | |
| 526 | _aP145 | ||
| 526 | _aP127 | ||
| 526 | _aP97 | ||
| 526 | _aP35 | ||
| 526 | _aP14 | ||
| 526 | _aP07 | ||
| 650 | 0 | 4 |
_aArameo bíblico _xGramática. |
| 910 | _ajck | ||
| 942 |
_2ddc _cBOOK |
||
| 949 |
_a492.29 J67 _wDEWEY _c1 _i43839 _lCCODEBUL1 _mBUL _p00.00 _r0 _sY _tBOOK _u19970610 _xTEOLOGIA _zUNKNOWN _0COMPRA _o.STAFF. Colección General |
||
| 949 |
_a492.29 J67 _wDEWEY _c3 _i38748 _lCCODEBUL1 _mBUL _p00.00 _r0 _sY _tBOOK _u2015-04-23 _xBIBLIOTECA _zUNKNOWN _0COMPRA _o.STAFF. Colección General |
||
| 980 |
_81 _gALBERTO SANCHEZ Responsable de Automatización |
||
| 999 |
_c60853 _d60853 |
||